Un film, une année. Quelle année pour ces films célèbres ? (3) - Statistiques

Statistiques générales
  • Ce quiz a été pris 19 fois
  • Le résultat moyen est 16 sur 32
Statistiques - réponses
Film Indice 1 Indice 2 Année % Correct
Titanic Dissolution de l'Assemblée nationale Mort de Lady Diana Spencer 1997
94%
Gladiator Loi instaurant le mandat de 5 ans pour le président de la République Crash d'un Concorde à Gonesse 2000
88%
Les Choristes Début de diffusion de Plus belle la vie Loi contre les signes religieux dans les écoles publiques 2004
76%
Bienvenue chez les Ch'tis Lancement de Google Chrome JO de Pékin 2008
76%
Bohemian Rhapsody La France championne du monde de football pour la 2e fois Attentat de Carcassonne et de Trèbes 2018
76%
Né un 4 juillet Célébration du bicentenaire de la Révolution Inauguration de l'arche de la Défense 1989
71%
The Artist Tsunami au Japon Mayotte devient un département 2011
71%
Taxi driver Création du Loto Raymond Barre devient premier ministre 1976
65%
Retour vers le futur Affaire Grégory Inauguration de La Géode à Paris 1985
65%
Qu'est-ce qu'on a fait au Bon Dieu ? JO de Sotchi Manifestations contre le futur aéroport de Notre-Dame-des-Landes 2014
65%
Un chien andalou Krach à Wall street le 29 octobre Mort de Georges Clémenceau 1929
59%
Le silence des agneaux Vote de la loi Evin Mort de Serge Gainsbourg 1991
59%
Le patient anglais Mort de François Mitterrand Nouvelle numérotation téléphonique sur 10 chiffres 1996
59%
Le chaudron infernal 1er Tour de France Edouard VII à Paris 1903
53%
L'Arnaque Guerre du Kippour Mort de Picasso 1973
53%
Dreyfus dans sa cellule Mort de Félix Faure Grâce de Dreyfus 1899
47%
Judex Les Etats-Unis entrent en guerre Bataille d'Arras 1917
47%
Casablanca Instauration du Service du Travail Obligatoire Formation du Comité Français de Libération Nationale 1943
47%
La prisonnière du désert Indépendance du Maroc et de la Tunisie Création de la vignette automobile 1956
47%
Le Lauréat Exposition Toutankhamon et son temps De Gaulle déclare : "Vive le Québec libre !" 1967
47%
Shining Marguerite Yourcenar, 1ère femme élue à l'Académie française Création de Medécins du monde 1980
47%
J'accuse Conférence de la Paix Défilé de la Victoire 1919
41%
L'arrivée d'un train en gare de La Ciotat Nicolas II à Paris Fondation des Automobiles Peugeot 1896
29%
Jeux interdits Affaire Dominici Inauguration de la Cité radieuse à Marseille 1952
29%
Les parapluies de Cherbourg La chanson Zorro est arrivé, N°1 des ventes de 45 tours Transfert des cendres de Jean Moulin au Panthéon 1964
29%
Le Chemineau Signature de l'Entente cordiale entre la France et le Royaume-Uni Affaire des fiches 1904
24%
L'Aigle à deux têtes JO de Londres Les mineurs du Nord-Pas-de-Calais font grève pendant presque deux mois 1948
24%
Les vacances de Monsieur Hulot Mise en vente du 1er livre de poche Albert Schweitzer reçoit le Nobel de la Paix 1953
24%
Naissance d'une nation 1ère utilisation de gaz incapacitants Chanel ouvre une maison de couture à Biarritz 1915
18%
Nanouk l'esquimau Création de la radio Radiola 1ère pierre de la grande mosquée de Paris 1922
18%
Max victime du quinquina Coup d'Agadir La France abandonne le méridien de Paris pour celui de Greenwich 1911
12%
Riquet à la houppe 1er salon de l'aéronautique Transfert des cendres de Zola au Panthéon 1908
6%
Aucun quiz correspondant
Distribution des résultats
% des personnes avec chaque résultat
Percentile par nombre de réponses
Votre historique - résultats
Vous n’avez pas pris ce quiz